| 000 | 00650nam a2200241 a 4500 | ||
|---|---|---|---|
| 999 |
_c4670 _d4670 |
||
| 001 | 4670 | ||
| 003 | BD-JhCC | ||
| 005 | 20171129181501.0 | ||
| 008 | 950711s19581962nyua b 001 0 eng d | ||
| 035 | _a(BD-JhCC)4670 | ||
| 040 |
_aBD-JhCC _dBD-JhCC |
||
| 041 | _aeng | ||
| 050 | 0 |
_aQE28 _bZ8 |
|
| 082 |
_a551 _bZUM 1962 |
||
| 100 | 1 | _aZumberge, James H. | |
| 245 | 1 | 0 |
_aElements of geology / _cJames H. Zumberge |
| 260 |
_aNew York : _bWiley ; _aLondon : _bChapman & Hall, _c1962. |
||
| 300 |
_aviii, 382 p. : _bill. ; _c24 cm |
||
| 504 | _aIncludes bibliographical references and index | ||
| 650 | 0 | _aGeology | |
| 942 |
_2ddc _cBK |
||